Complete the Sci-Fi/Fantasy Movies (2010s) Quiz Stats

 Plays Quiz Updated May 15, 2020

Support Sporcle.
Go Orange.
Score 0/40 Timer 04:00
1 Play Today
% Correct
Wonderland
96.3%
Train
96.1%
Planet
95.4%
Poppins
95.2%
Runner
94.8%
Beasts
94.5%
Force
94.2%
World
93.8%
Island
93.8%
Clash
93.7%
Aliens
93.6%
Total
92.9%
Independence
92.9%
Rim
92.4%
Last
92.2%
Conan
91.9%
Ready
91.6%
Paris
91.1%
Journey
90.8%
Game
90.3%
% Correct
Travels
90.1%
Hero
90%
Shape
89.6%
Machina
88.6%
Apprentice
88.6%
Darkness
88.2%
Edge
87.6%
Jupiter
85.8%
Code
85.8%
Bureau
84.2%
Genisys
83.6%
Woods
82.7%
Kingdom
82.3%
Cloud
82.1%
Beyond
79.9%
Kubo
78.3%
Mortal
77.2%
Voyage
76.4%
Death
74%
Valerian
73.5%

You're not logged in!

Compare scores with friends on all Sporcle quizzes.
OR
Log In

From the Vault

UN-armed

by Hejman

The U.N. Security Council has authorized the use of force while taking this quiz.
Remove Ads.
Support Sporcle.
Get the best of Sporcle when you Go Orange. This ad-free experience offers more features, more stats, and more fun while also helping to support Sporcle. Thank you for becoming a member.

Show Comments

Extras

Top Quizzes Today


Score Distribution

Your Account Isn't Verified!

In order to create a playlist on Sporcle, you need to verify the email address you used during registration. Go to your Sporcle Settings to finish the process.

Report this User

Report this user for behavior that violates our Community Guidelines.

Details: